000 02140cam a2200433 a 4500
999 _c329542
_d329542
001 14419817
003 NUST
005 20170512155557.0
008 060619s2007 enka b 111 0 eng
010 _a 2006020269
015 _aGBA709215
_2bnb
016 7 _a013555808
_2Uk
020 _a0415407451
020 _a9780415407458
035 _a(OCoLC)ocm70174911
035 _a(OCoLC)70174911
_z(OCoLC)84654766
040 _aDLC
_cDLC
_dBAKER
_dBTCTA
_dYDXCP
_dBWKUK
_dUKM
_dIXA
_dBWK
_dDLC
050 0 0 _aTD201
_b.I6574 2004
082 0 0 _a628.114091732 HOW
_222
111 2 _aInternational Geological Congress
_n(32nd :
_d2004 :
_cFlorence, Italy)
_9640
245 1 0 _aUrban groundwater-- meeting the challenge :
_bselected papers from the 32nd International Geological Congress (IGC), Florence, Italy, August 2004 /
_cedited by Ken W.F. Howard.
260 _aLondon ;
_aNew York :
_bTaylor & Francis Group,
_cc2007.
300 _axv, 307 p. :
_bill. ;
_c25 cm.
490 1 _aSelected papers on hydrogeology ;
_v8
500 _a"Matthias Eiswirth memorial volume."
504 _aIncludes bibliographical references and index.
650 0 _aMunicipal water supply
_vCongresses.
_9641
650 0 _aGroundwater recharge
_vCongresses.
_9642
650 0 _aWellhead protection
_vCongresses.
_9643
650 0 _aGroundwater
_xPollution
_vCongresses.
_9644
653 1 _aUrban groundwater
700 1 _aHoward, Ken W. F.
_9645
700 1 _aEiswirth, Matthias.
_9646
830 0 _aHydrogeology (International Association of Hydrogeologists) ;
_vv. 8.
_9647
856 4 1 _3Table of contents only
_uhttp://www.loc.gov/catdir/toc/ecip0615/2006020269.html
856 4 2 _3Publisher description
_uhttp://www.loc.gov/catdir/enhancements/fy0902/2006020269-d.html
856 4 2 _3Contributor biographical information
_uhttp://www.loc.gov/catdir/enhancements/fy1006/2006020269-b.html
906 _a7
_bcbc
_corignew
_d1
_eecip
_f20
_gy-gencatlg
942 _2ddc
_cBK